000 00904nam a2200253 a 4500
001 50026
003 BD-RjUL
005 20211209075439.0
008 160823s1977 fr b i000 0 eng
020 _a9231014447
035 _a(BD-RjUL)50146
040 _aDLC
_cDLC
_dDLC
_dBD-RjUL
_beng
041 _aeng
082 0 0 _a607
_bSTA 1977
245 0 0 _aStaff development for institutions educating and training engineers and technicians :
_ba study dealing with the special problems of developing countries /
_cedited by John S. McNown.
260 _aParis :
_bUnesco,
_c1977.
300 _a127 p. ;
_c24 cm.
504 _aIncludes bibliographical references.
650 0 _aTechnical education
_zDeveloping countries.
_9149929
700 1 _aMcNown, John S.
_q(John Stephenson),
_d1916-1998.
_9149930
942 _2ddc
_cBK
999 _c50026
_d50026